000 00795nam a22002537a 4500
001 BR9405440
003 BR-BrBNA
005 20240305153921.0
007 ta
008 230509b bl.||||| |||| 00| 0 por d
040 _aBR-BrBNA
_bpor
_cBiblioteca Nacional de Agricultura
041 _a(Por)
072 _aA50; C20
090 _aA50
_bBR9405440
100 1 _aHoyos, Luiz Eduardo Acosta
110 1 _aEmpresa Brasileira de Pesquisa Agropecuaria, Brasilia, DF (Brasil). Depto. de Informacao e Documentacao
245 1 _aColegios invisiveis: uma nova alternativa para o problema de informacao tecnico-cientifica
260 3 _aBrasilia, DF (Brasil):
_c1980.
300 _a16 p.
650 _aInstituicao de Pesquisa
650 _aPesquisador
650 _aComunicacao
942 _cBK
_2AGRIS
999 _c49986
_d49986